Loading...
| Religion | 0 | 4 | 0 | 1 | 40 | 75 | 94.00 | 0 | 2 | 0.00 | 0.00 |
| Literature - World | 0 | 4 | 0 | 1 | 40 | 78 | 107.50 | 0 | 1 | 0.00 | 0.00 |
| Science - Biology | 0 | 4 | 0 | 0 | 40 | 54 | 76.25 | 0 | 2 | 0.00 | 0.00 |
| Science - Chemistry | 0 | 3 | 0 | 1 | 30 | 89 | 98.33 | 0 | 2 | 0.00 | 0.00 |
| Science - Physics | 0 | 3 | 0 | 1 | 30 | 50 | 90.00 | 0 | 2 | 0.00 | 0.00 |
| Science - Other | 0 | 2 | 0 | 1 | 20 | 85 | 96.00 | 0 | 1 | 0.00 | 0.00 |
| Literature - British | 0 | 2 | 0 | 0 | 20 | 62 | 87.00 | 0 | 1 | 0.00 | 0.00 |
| Geography | 0 | 2 | 1 | 0 | 15 | 32 | 59.50 | 0 | 1 | 0.00 | 0.00 |
| Social Science | 0 | 1 | 0 | 0 | 10 | 90 | 90.00 | 0 | 0 | 0.00 | 0.00 |
| History - American | 0 | 1 | 0 | 0 | 10 | 73 | 73.00 | 0 | 0 | 0.00 | 0.00 |
| History - World | 0 | 1 | 0 | 0 | 10 | 17 | 17.00 | 0 | 1 | 0.00 | 0.00 |
| Philosophy | 0 | 1 | 0 | 0 | 10 | 102 | 102.00 | 0 | 0 | 0.00 | 0.00 |
| Mythology | 0 | 0 | 0 | 0 | 0 | 0.00 | 0 | 0 | 0.00 | 0.00 | |
| History - European | 0 | 0 | 1 | 0 | -5 | 0.00 | 0 | 0 | 0.00 | 0.00 | |
| History - Other | 0 | 0 | 2 | 0 | -10 | 0.00 | 0 | 0 | 0.00 | 0.00 |